00823pam a2200229 i 4500001000500000005001700005020001800022040002300040050001500063082001100078100003200089245008500121250004600206260003400252300003900286505000800325520016200333521002000495521002000515650003500535700002300570106420250714133904.0 a9780590445757 aDLCcDLCdDLCbeng00aPZ7.S6852400a813.541 aSobol, Donald J.d1924-201210aEncyclopedia Brown carries on /cby Donald J. Sobol ; illustrated by Ib Ohlsson. aFirst Scholastic printting, February 2007 aNew York :bScholastic,c1982 a72 pages :billustrations ;c20 cm aN  aOnce again America's 10-year-old Sherlock Holmes in sneakers is called upon to help his police-chief father and the neighborhood children solve 10 mysteries. a570 bLexile  aN bRaz-Plus  1aMystery and detective stories.1 aOhlsson, Ibd1935-